| 000 | 00636nam a22002291c 4500 | ||
|---|---|---|---|
| 001 | a987693606 | ||
| 003 | RU-10907106 | ||
| 005 | 20210624111959.0 | ||
| 008 | 200327s1984 gw |||| 000u ger d | ||
| 020 |
_a3518112589 _93-518-11258-9 |
||
| 040 |
_cRU-10907106 _aRU-10907106 _bger |
||
| 041 | _ager | ||
| 100 | 1 | _aJarausch, Konrad | |
| 245 | 0 | 0 |
_aDeutsche Studenten : _b1800 - 1970 |
| 264 |
_aFrankfurt am Main : _bSuhrkamp, _c1984 |
||
| 300 | _a254 Seiten | ||
| 648 | _a1800-1970 | ||
| 650 | 0 | _aStudent | |
| 651 | _aDeutschland | ||
| 942 |
_cMG _2z |
||
| 999 |
_c30439 _d30439 |
||
| 490 | 0 |
_aEdition Suhrkamp : Neue historische Bibliothek _v1258 = N.F., 258 |
|